| 000 | 00573nam a22001697a 4500 | ||
|---|---|---|---|
| 999 |
_c60771 _d60771 |
||
| 005 | 20231019165551.0 | ||
| 008 | 231019s2004 ru ||||| |||| 00| 0 rus d | ||
| 041 | _arus | ||
| 080 | _a94(32) B-32 | ||
| 100 |
_aВеркуттер, Жан _920144 |
||
| 245 |
_a Древний Египет / _cЖ. Веркуттер. |
||
| 264 |
_aМ.: _bАстрель, _c2004. |
||
| 300 |
_a159 стр.; _b18 см. |
||
| 440 |
_aCogito, ergo sum: Университетская библиотека _920145 |
||
| 653 | _aᲣძველესი ეგვიპტე | ||
| 942 |
_2udc _cBK |
||